Bond Theme Artists - Sudden Death - Statistics

General Stats
  • This quiz has been taken 48 times
    17 since last reset
  • The average score is 9 of 19
Answers on the Grid
Answers color-coded by a green-red scale on the quiz's grid according to % correct below.
A-ha
Adele
Amy Winehouse
Arctic Monkeys
Beyoncé Knowles
Billie Eilish
Carly Simon
Chris Cornell
Cliff Richard
Coldplay
Dean Martin
Dropkick Murphys
Duran Duran
Ed Sheeran
Elton John
Frank Sinatra
Franz Ferdinand
Garbage
Gerry Rafferty
Gladys Knight
Kaiser Chiefs
Lily Allen
Louis Armstrong
Lulu
Madonna
Marvin Gaye
Matt Monro
Nancy Sinatra
Nirvana
Oasis
Paul McCartney
R.E.M.
Sam Smith
Sheena Easton
Shirley Bassey
Take That
Tame Impala
The Killers
Tina Turner
Tom Jones
 
Answer Stats
Answer % Correct
Adele
86%
Paul McCartney
64%
Shirley Bassey
64%
A-ha
57%
Nancy Sinatra
57%
Sheena Easton
57%
Duran Duran
50%
Madonna
50%
Tina Turner
50%
Tom Jones
50%
Billie Eilish
43%
Gladys Knight
43%
Louis Armstrong
43%
Carly Simon
36%
Garbage
36%
Lulu
36%
Sam Smith
36%
Chris Cornell
29%
Matt Monro
29%
No matching quizzes found
Score Distribution
Percent of People with Each Score
Percentile by Number Answered
Your Score History
You have not taken this quiz since the last reset